Ireland National Football Team - Statistics

General Stats
  • This quiz has been taken 335 times
    316 since last reset
  • The average score is 5 of 18
Answer Stats
Goals Caps Player % Correct
68 146 Robbie Keane
98%
0 134 Shay Given
55%
3 118 John O'Shea
53%
8 100 Damien Duff
50%
17 88 Shane Long
36%
21 91 Niall Quinn
26%
5 93 Aiden McGeady
21%
2 91 Glenn Whelan
19%
19 69 John Aldridge
18%
8 110 Kevin Kilbane
18%
8 102 Steve Staunton
17%
19 88 Tony Cascarino
17%
11 103 James McClean
16%
14 63 Kevin Doyle
15%
14 54 Jon Walters
13%
20 71 Frank Stapleton
9%
19 56 Don Givens
5%
14 36 Noel Cantwell
1%
No matching quizzes found
Score Distribution
Percent of People with Each Score
Percentile by Number Answered
Your Score History
You have not taken this quiz since the last reset